00830nam a2200193 a 450000100100000000500170001000800410002704000250006808200160009311101050010924500700021426001960028430000280048049000220050849000230053070000380055383000220059183000230061300002830220240305082246.0110407s1992 dr a 000 0 spa d aDO-SdBNPbspacBNPHU axxxxbS471c2 aSeminario Grandes Figuras de la Evangelización de Américan(4to. :d1989, dic. 9cSanto Domingo)10aFray Francisco de Vitoria /cFernándo Pérez Memen...[et. al]. aSanto Domingo :bComisión Dominicana permanente para la Celebración del Quinto Centenario del Descubrimiento y Evangelización de América:bUniversidad Católica Santo Domingo,c1992. a127 p. :bil. ;c21 cm.1 aQuinto Centenario1 aConferenciavno. 612aPérez Memén, Fernando,d1943- 0aQuinto Centenario 0aConferenciavno. 6